2003 Worldwide Box Office - Statistics

General Stats
  • This quiz has been taken 15 times
  • The average score is 6 of 10
Answer Stats
Rank Movie Title Worldwide Box Office (USD) Distributor/Studio Genre % Correct
2 Finding Nemo $936,094,852 Disney Family/Animation
100%
1 The Lord of the Rings: The Return of the King $1,123,883,835 New Line Fantasy
91%
4 Pirates of the Caribbean: The Curse of the Black Pearl $654,310,819 Disney Fantasy/Adventure
73%
3 The Matrix Reloaded $738,576,929 Warner Bros. Sci-Fi/Dystopia
73%
9 X-Men 2 $406,348,630 20th Century Fox Superhero/Comics
73%
5 Bruce Almighty $484,468,608 Universal Comedy/Fantasy
64%
8 The Matrix Revolutions $427,300,260 Warner Bros. Sci-Fi/Dystopia
64%
10 Bad Boys II $273,271,982 Sony Action Comedy
45%
6 The Last Samurai $456,810,575 Warner Bros. Historical Drama
36%
7 Terminator 3: Rise of the Machines $433,058,296 Warner Bros. Sci-Fi/Dystopia
27%
No matching quizzes found
Score Distribution
Percent of People with Each Score
Percentile by Number Answered
Your Score History
You have not taken this quiz